Missing Word: 2016 Movies (A-Z) Quiz Stats

 Plays Quiz Updated May 13, 2019

Score 0/26 Timer 03:00
3 Plays Today
Movie Title Missing Word % Correct
_____ Fu Panda 3Kung
97.4%
_____ You See Me 2Now
97%
Fantastic Beasts and Where to _____ ThemFind
97%
Teenage _____ Ninja Turtles: Out of the ShadowsMutant
96.5%
The Secret _____ of PetsLife
96.5%
_____ Trek BeyondStar
95.6%
Keeping _____ with the JonesesUp
94.6%
_____ MomsBad
94.4%
Batman _____ Superman: Dawn of Justicev
93.2%
The _____ Birds MovieAngry
91.2%
The _____ BookJungle
90.6%
_____ StrangeDoctor
85.1%
The Purge: Election _____Year
84.8%
Movie Title Missing Word % Correct
The _____ on the TrainGirl
84.6%
Alice _____ the Looking GlassThrough
83.5%
_____ One: A Star Wars StoryRogue
82.7%
_____: ApocalypseX-Men
81.2%
Captain America: _____ WarCivil
79.4%
Mike and Dave Need _____ DatesWedding
75%
_____ FiguresHidden
71.1%
Central _____Intelligence
65.5%
Miss Peregrine's Home for _____ ChildrenPeculiar
65.1%
Pride and Prejudice and _____Zombies
62.7%
_____ of KatweQueen
61.3%
_____ Christmas PartyOffice
59.1%
_____ & NixonElvis
18.2%

Today's Daily Dose

Missing Word
Banned Books (A-Z)

Word Ladder
Janis Joplin

Get the Picture
Occupations

You're not logged in!

Compare scores with friends on all Sporcle quizzes.
OR
Log In

Sporcle TV

Today on Sporcle TV


Watch our educational content, quiz creation guides, and fun videos on Sporcle TV.

Show Comments

Extras

Top Quizzes Today


Score Distribution

Your Account Isn't Verified!

In order to create a playlist on Sporcle, you need to verify the email address you used during registration. Go to your Sporcle Settings to finish the process.

Report this User

Report this user for behavior that violates our Community Guidelines.

Details: